Statistics for General Knowledge: Mexico

Click here to take the quiz!

General Stats

  • This quiz has been taken 101 times
  • The average score is 7 of 22

Answer Stats

HintAnswer% Correct
On the Mexican flag, an eagle is perched on a cactus with what in its mouth?Snake
86%
The artist Frida Kahlo, mainly of the 1930s and 40s, is known for which facial feature?Unibrow
46%
Which Texan city borders the Mexican city of Juárez?El Paso
45%
What is the name of the Aztec leader at the time of the arrival of the Spanish conquistadores?Moctezuma
45%
Which Mexican resort town is located at the southern tip of the Baja peninsula?Cabo San Lucas
44%
In which Mexican city is Cinco de Mayo celebrated?Puebla
44%
What is the name of the conquistador that lead the destruction of the Aztec city of Tenochtitlan?Hernán Cortés
41%
Who is the patron saint of Mexico?Virgin of Guadalupe
38%
Which popular Mexican singer died in a plane crash in 2012?Jenni Rivera
33%
Which Mexican city is famous for its cliff divers?Acapulco
31%
Tlaloc was the Aztec god of what?Rain
31%
Which Aztec language has about 1.5 million speakers, mostly in central Mexico?Nahuatl
30%
The Mexican folk song, "La Cucaracha", says in Spanish that "the cockroach" cannot walk anymore because it doesn't have what to smoke?Marijuana
24%
Who is the current president of Mexico?Enrique Peña Nieto
23%
In which Mexican state did 43 students go missing in 2014?Guerrero
22%
The "Cry of Dolores" or "Grito de Dolores" in Spanish is another name for which holiday in Mexico?Independence Day
16%
In which desert of northwestern Mexico and the southwestern United States can Saguaro cactuses be found?Sonoran
16%
What is the nickname for a member of the Liberation Army of the South, an insurgent group formed in the 1910s as part of the Mexican Revolution?Zapatista
14%
In which Mexican resort town was the "affluenza teen" Ethan Couch captured?Puerto Vallarta
9%
What is the name of the famous pyramid of Chichen Itza?El Castillo
6%
Which type of music has artists such as Huracanes del Norte and Voz de Mando?Norteño
6%
Which rainforest stretches from Chiapas, Mexico into Guatemala?Lacandon Jungle
3%

Score Distribution

Percentile by Number Answered

Percent of People with Each Score

Your Score History

You have not taken this quiz